000 00301nam a22001337a 4500
008 181010b xxu||||| |||| 00| 0 eng d
020 _a9780205331741
041 _aeng
080 _23rd
_a159.9
100 _a48
101 _aPSI
245 _aDevelopment in Adulthood
_cLemme,B.H
942 _2udc
_cBK
999 _c49255
_d49255